00744nam a2200253 a 4500001001300000003000900013005001700022008004100039020000900080082001600089100001700105245005200122260003800174300000900212500003500221505001000256650002300266650002500289700001700314902000800331942000700339952012700346999001700473nice12345678IN_TiNIC20260116013347.0050524s1993 dela grp 000 0 eng  ac8000a181.07bALI aAli, Shaukat aIntellectual Foundations of Muslim Civilization aDelhibAl-Amin Publicationsc1993 a192p aincludes index and biblioraphy2 aIndex aPhilosophy-Islamic aCivilization-Islamic1 aAli, Shaukat bSRS cBK 001040708StackRoom-aHMIbHMId2007-03-16g80.00l1o181.07 ALIp017206r2017-12-07s2017-11-27v80.00w2005-05-24yBK c10703d10703